000 01026nam a22003497a 4500
001 BR0200797
003 BR-BrBNA
005 20230928101021.0
007 ta
008 230509b bl.||||| |||| 00| 0 por d
040 _aBR-BrBNA
_bpor
_cBiblioteca Nacional de Agricultura
041 _a(Por)
072 _aH20; F60
_b1540
_b4110
090 _ 1540 BR0200797
100 1 _aPereira, A.J.
110 1 _aUniversidade Estadual de Maringa, PR (Brasil)
_0Tese (Mestrado)
_910653
245 1 _aProteinas de estresse a Xanthomonas axonopodis pv. manihotis Dye, em mandioca (Manihot esculenta Crantz)
260 3 _aMaringa, PR (Brasil):
_c2000.
300 _a63 p.
500 _aSummaries (Eng, Por); Bibliography p. 51-63; 7 illus.
650 _aMandioca
650 _aBacteria
650 _aAnalise Quimica
650 _aVariedade Resistente
650 _aManiva
650 _aStress
650 _aEstufa
650 _aProteina
650 _aIsoenzima
909 _a202309
_bLucia
_c55
_dLucia Elande
942 _cBK
999 _c63877
_d63877